| 000 | 01039nam0a2200301 4500 | ||
|---|---|---|---|
| 001 | RU\NLR\bibl\2023323 | ||
| 005 | 20241114193804.0 | ||
| 010 |
_a9785948363431 _93200 |
||
| 021 |
_aRU _b2013-22800 _91595 |
||
| 035 | _a(NLR Aleph) 002011476 | ||
| 090 |
_a4460438 _c4460438 |
||
| 100 | _a20130412d2013 u y0rusy50 ca | ||
| 101 | 0 | _arus | |
| 102 | _aRU | ||
| 105 | _aa ||||||||| | ||
| 200 | 1 |
_aЛюбительские громкоговорители - 4 _fС.Д. Бать |
|
| 210 |
_aМосква _cТехносфера _d2013 |
||
| 215 |
_a146, [1] c., [4] л. цв. ил. _cил. _d21 |
||
| 320 | _aБиблиогр. в конце кн. (7 назв.) | ||
| 606 |
_aГромкоговорители самодельные _92264785 _3RU\NLR\auth\661357718 |
||
| 686 | _aЗ87-53 | ||
| 700 | 1 |
_aБать _bС. Д. _gСергей Давыдович _4070 |
|
| 801 | 0 |
_aRU _bNLR _c20130412 _gRCR |
|
| 801 | 1 |
_aRU _bNLR _c20130412 |
|
| 942 | _cBOOK | ||
| 980 | _aNBR | ||